| 000 | 00355nam a2200145Ia 4500 | ||
|---|---|---|---|
| 008 | 191201s2006 xx 000 0 und d | ||
| 082 |
_a660.6 _bSHI |
||
| 100 | _aSHARMA, Y | ||
| 245 | 0 | _aIntroductory Basics of Biotechnology | |
| 250 | _a2nd | ||
| 260 |
_aN.Delhi _bDhanpat Rai Pub (P) Ltd _c2006 |
||
| 300 | _a433 | ||
| 650 | _aApplied | ||
| 942 |
_2ddc _cBK |
||
| 999 |
_c3289 _d3289 |
||